000 00517nam a2200169Ia 4500
003 IN-BaIIA
008 211028s9999 xx s 000 0 eng d
020 _a9780819483362 (Online)
020 _a9780819483393 (Print)
040 _cIIA Library
100 _aFiete, Robert D.
_941023
245 0 _aModeling the Imaging Chain of Digital Cameras
_h[eBook]
260 _aWashington, USA
_bSPIE
_c2010
300 _aOnline resource
856 _uhttps://doi.org/10.1117/3.868276
_yClick Here to Access eBook
942 _cEB
999 _c22349
_d22349